Biological science (Record no. 23927)

MARC details
000 -LEADER
fixed length control field 00524nam a22001937a 4500
003 - CONTROL NUMBER IDENTIFIER
control field OSt
005 - DATE AND TIME OF LATEST TRANSACTION
control field 20260610155238.0
008 - FIXED-LENGTH DATA ELEMENTS--GENERAL INFORMATION
fixed length control field 260610b |||||||| |||| 00| 0 eng d
020 ## - INTERNATIONAL STANDARD BOOK NUMBER
International Standard Book Number 978-0-321-59820-2
040 ## - CATALOGING SOURCE
Transcribing agency Chuka University
050 ## - LIBRARY OF CONGRESS CALL NUMBER
Classification number QH 308.2
Item number . F73 2011
100 ## - MAIN ENTRY--PERSONAL NAME
Personal name Freeman Scott
9 (RLIN) 26802
245 ## - TITLE STATEMENT
Title Biological science
250 ## - EDITION STATEMENT
Edition statement 4th edition
260 ## - PUBLICATION, DISTRIBUTION, ETC.
Place of publication, distribution, etc. New York
Name of publisher, distributor, etc. Pearson
Date of publication, distribution, etc. 2011
300 ## - PHYSICAL DESCRIPTION
Extent Various paging
Other physical details Colored illustrations
650 ## - SUBJECT ADDED ENTRY--TOPICAL TERM
Topical term or geographic name entry element Biology ...textbooks
9 (RLIN) 19943
942 ## - ADDED ENTRY ELEMENTS (KOHA)
Source of classification or shelving scheme Library of Congress Classification
Koha item type Long Loan Books
Suppress in OPAC No
Holdings
Withdrawn status Lost status Source of classification or shelving scheme Damaged status Not for loan Collection Home library Current library Shelving location Date acquired Cost, normal purchase price Total Checkouts Full call number Barcode Date last seen Price effective from Koha item type
    Library of Congress Classification     General Collection Books Main Campus Library Main Campus Library General Stacks 10/06/2026 8152.20   QH 308.2 . F3 2011 33910/2026 10/06/2026 10/06/2026 Long Loan Books

Powered by Koha